000 00749nam a22002057a 4500
005 20230707161446.0
008 230707b ||||| |||| 00| 0 eng d
040 _cAL
041 _amal
082 _223
_a894.8123
_bVALR
100 _aP Valsala: പി വത്സല
_9126003
245 _aRosemariyude Akasangal: റോസ്‌മരിയുടെ ആകാശങ്ങൾ
260 _aThrissur
_bAugust Books
_c1993
300 _a157p.
_bPB
_c21x14cm.
365 _2Malayalam
_b38.00
_c
_d38.00
650 _aMalayalam Fiction: മലയാളം ഫിക്ഷൻ
_9126004
650 _aMalayalam Novel: മലയാളം ഫിക്ഷൻ
_9126005
700 _aVALSALA (P): വത്സല (പി)
_9126006
942 _2ddc
_cDB
999 _c227761
_d227761